| 000 | 00572nam a22002057a 4500 | ||
|---|---|---|---|
| 005 | 20251108164832.0 | ||
| 008 | 250721s1983 xx 000 0 ara d | ||
| 082 | 1 | 4 | _a616.5/إيج |
| 100 | 1 | _aإيجل، روبرت | |
| 245 | 1 | 0 | _aأمراض الحساسية / |
| 250 | _aط2. | ||
| 264 | 1 |
_aالقاهره : _bدار الشروق، _c1983. |
|
| 300 | _a63ص | ||
| 490 | 0 | _aدليل الجيب للصحة | |
| 650 | 1 | 7 | _aالأمراض |
| 650 | 1 | 7 | _aالحساسية |
| 700 | 1 |
_aالجمل، أحمد أمين _eترجمة |
|
| 942 |
_2ddc _cBK |
||
| 999 |
_c15494 _d15494 |
||